00969nam a2200241Ia 4500001000600000003000900006008004100015040001300056040001300069041001300082100001800095100002900113245002400142245002400166250001100190260001100201260002300212260004900235300005800284500032800342650002600670650003100696 1934IT-RoPAU130308s9999 xx 000 0 und d aIT-RoPAU cIT-RoPAU aITALIANO aFerrieri Enzo gCodice Aut. SPICS: 6688 aRegia teatrale (La) bRegia (La)-Volume I a1a ed. aTORINO bERI - Edizioni Rai c1955 [1° Ed.:1955 - Ed.Ling.Originale:1955] a"95 p. (prefazione: no ; testo: 95 [pagine: 51-146])" aTeatro Realistico Freie Buhne Andre' Antoine Teatro Verista in Italia Teatro d'arte di Mosca Craig Appia Meyerhold Tairov Vachtangov Teatro in Germania Reinhardt Espressionismo Brecht Piscator copeau Jouvet Dullin Baty Pitoeff Vilar Barrault comedie Francaise Balletti russi Teatri a Londra regia in Italia regia Sovietica aREGIA CINEMATOGRAFICA eCodice materia Spics: 6803